03367nam a2200397uu 4500001000800000005001700008008004100025020001500066035001200081035002100093040001300114041000800127082000800135100004200143245008600185260003300271300003500304490003900339520180000378600008102178650005502259650005802314650004602372650004302418650005102461650004802512650003702560700003802597700003602635700003702671700005302708700004202761942000902803999001902812952013802831101571720260507074602.0070213s2005 spa  a849610821X a1015717 a(OCoLC)427470970 ccomduadb aspa 4a86310aRomea Castro, Celia4edteedt954027010aJuan Marse, su obra literaria : lectura, recepción y posibilidades didácticas aBarcelona :bHorsori,c2005. a261 páginas :bilustraciones0 aCuadernos para el Análisis ;v173 aCONTENIDO : EL ENTORNO DE LA OBRA Y SU AUTOR. -- La imagen literaria de Barcelona en las novelas de Juan Marsé (Lluís Izquierdo). -- Novelas del tiempo viejo (Jorge Gracia). -- Elementos constitutivos de la narrativa de Juan Marsé (Samuel Amell). -- “Este sol de la infancia” vertientes de la memoria en la obra narrativa de Juan Marsé (Marcos Maurel). -- Lo imaginario en Juan Marsé (Joaquin Marco). -- Variaciones del léxico de Juan Marsé: una lección magistral de palabra y obra (Carmen Echazarreta). -- Los anarquistas en las obras de Juan Marsé (David Castillo). -- Personalidad literaria y humana del autor (Arturo Pérez Reverte, Joan de Sagarra, Javier Coma y Beatriz de Moura). -- Manolo Reyes: evolución de un estereotipo (William Sherzer). -- Historia y discurso en El amante bilingüe de Juan Marsé (Adolfo Sotelo Vázquez). -- Un ejemplo de didáctica de la creación literaria: La muchacha de las bragas de oro (José Belmonte Serrano). -- Sobre las variantes de Si te dicen que caí: una primera interpretación (José Manuel López de Abiada y Augusta López Bernasocchi). -- Juan Marsé: lectura y recepción de los relatos cortos. -- El fantasma del cine Roxy (Antonio Mendoza Fillola). -- EL CINE EN MARSE, MARSE EN EL CINE. -- La narrativa de Juan Marsé, a caballo entre el cine y la literatura (Jorge Marí). -- El cine en la vida cotidiana de los personajes marcianos (Celia Romea Castro). -- Retos y dificultades en la realización de las películas: Si te dicen que caí, La muchacha de las bragas de oro. -- El amante bilingüe (Vicente Aranda y Juan Marsé). -- El embrujo de Shamghai, de la novela a la película (Fernando Trueba y Juan Marsé). -- La obra de Marsé en el cine (Marcos Ordóñez). -- Bibliografía.14aMarse, Juan,d1933-20204aut0(isni)00000001214477580(viaf)980363839477134 aMarse, Juan - Crítica e interpretación9110077 aMarse, Juan. La muchacha de las bragas de oro9177828 aMarse, Juan. Si te dicen que caí956526 aMarse, Juan. El amante bilingüe9578 aMarse, Juan. El fantasma del cine Roxy9157112 aMarse, Juan. El embrujo de Shanghai9157113 7aAutores españoles2lemb921034 0aIzquierdo, Luis4auteaut939691110aAmell, Samuel4auteaut943011010aMaurel, Marcos4auteaut934452210aMarco, Joaquín, d1935-20204auteaut947650310aEchazarreta, Carmen4auteaut9435273 cBOOK c412399d412399 001040708COLITaBCbBCd2007-02-13eAlfaomegag103927.00iC939188l0o863 M364rp0579909r2023-04-27 00:00:00t1w2023-04-27yBOOK